000 00340 a2200157 4500
001 155494
040 _cEscola São Tomás de Aquino
100 _aBRAGANÇA, Agiolina
240 1 0 _aPorta aberta
_lpor
245 1 0 _aPorta aberta
300 _a2722014
362 0 _a2014
440 1 _aFTD
697 _aLíngua portuguesa
942 _cBK
999 _c155494
_d155494